=LDR 00000nam 2200000 4500 =001 INLIS000000000045413 =005 20150127123233.0 =006 =007 =008 =020 ##$$a 979-3702-59-1 =035 ##$$0010-011500000000239 =040 ##$$a Ind =082 ##$$a 636.597 =090 ##$$a 636.597$b Ran p.3 =100 ##$$a Ranto =245 ##$$a panduan lengkap beternak itik =250 ##$$a Cet.6 =260 ##$$a Jaksel$Agromedia$c2009 =300 ##$$a vi,170hlm$b23cm =850 ##$$a NBPDMAT =990 ##$$a 21104724 =990 ##$$a 0001/BPAP-NTB/20142015 =990 ##$$a 0001/BPAP-NTB/20142015 =990 ##$$a 0001/BPAP-NTB/20142015